Score 0/16 Timer 03:00
0 Plays Today
Song Title Missing Word % Correct
Whats My ____?Name
93.7%
Good ____ Gone BadGirl
93.2%
_______ RouletteRussian
87.6%
Love the Way You ___Lie
87.3%
____ Girl in the WorldOnly
87.1%
Don't ____ the MusicStop
84.1%
Shut Up and _____Drive
81.9%
___ De ReplayPon
79.7%
Song Title Missing Word % Correct
Drunk on ____Love
77.7%
Cheers (_____ to That)Drink
71.7%
__________ King BedCalifornia
70.4%
____ This TownRun
68.2%
Man ____Down
64.8%
____ That I Love YouHate
64.8%
____ Your TurnWait
46.6%
_______ MenRaining
31.5%

Today's Daily Dose

Missing Word
'T' Pairs

Word Ladder
Game Pieces

Get the Picture
Baseball Movies

Remove Ads.
Support Sporcle.
Get the best of Sporcle when you Go Orange. This ad-free experience offers more features, more stats, and more fun while also helping to support Sporcle. Thank you for becoming a member.

You're not logged in!

Compare scores with friends on all Sporcle quizzes.
OR
Log In

Show Comments

Extras

Top Quizzes Today


Score Distribution

Your Account Isn't Verified!

In order to create a playlist on Sporcle, you need to verify the email address you used during registration. Go to your Sporcle Settings to finish the process.

Report this User

Report this user for behavior that violates our Community Guidelines.

Details: